000 00613nam a2200241Ia 4500
003 OSt
005 20221007072212.0
006 a|||||r|||| 00| 0
007 ta
008 221006b |||||||| |||| 00| 0 eng d
024 _a43,095
037 _cTextual
040 _aFLL
_cFLL
_beng
041 _2eng
_aeng
082 _aZ1,111, Q4
100 _aBuck T.
_9690244
245 0 _aInternational child law
250 _a3rd
260 _aLondon
_bRoutledge Taylors Fracis Group UK
_c2014
300 _axxx,478p
_ccm.
942 _hZ1,111, Q4
_cTEXL
_2CC
999 _c1145422
_d1145422